000 01236cam a2200265 4500
001 ABS62950
008 000000n2000 000 0 eng u
035 _a(Sirsi) u109066
100 _aBrewer, G.
245 _aHow final is final?
260 _c2000
490 _aContract Journal
_v406(6300) 25 October 2000, 28(1)
520 _aLooks at final certificates in design-and-build contracts, with particular reference to the recent case of the "Barking & Dagenham LBC v Terrapin Construction Ltd". In this the CA examined the effect of a final certificate issued under a JCT 1981 With Contractor's Design form of contract. CA held that the Final Certificate would be conclusive in respect of all materials and standards of workmanship.
590 _aABS
650 _aFINAL CERTIFICATES
650 _aBUILT ENVIRONMENT-BUILDING CONTRACT FORMS-STANDARD FORMS OF BUILDING CONTRACT-JOINT CONTRACTS TRIBNUAL CONTRACTS
650 _aBARKING & DAGENHAM LBC V TERRAPIN CONSTRUCTION
650 _aDESIGN AND BUILD CONTRACTS
650 _aBUILT ENVIRONMENT-BUILDING MATERIALS
650 _aWORKMANSHIP
650 _aDESIGN
650 _aDEFECTS
690 _aBUILDING AND CONSTRUCTION-CONTRACTS-JCT CONTRACTS
942 _n0
999 _c65136
_d65136